000 00211 a2200097 4500
001 28610
100 _a
245 _aTables for the compressible flow of dry air
260 _a
_bArnold
_c
090 _c19147
_d19147
942 _aNUST-CAE
_c
_c10166
999 _c263683
_d263683